• 首页
  • 本馆介绍
  • 公告通知
  • 最新文献
  • 馆藏检索
  • 电子资源
  • 读者导购
  • 参考咨询
  • 我的图书馆
  • 登录
  • 详细信息显示
  • 放入我的书架
  • 预约/预借图书
  • 作者相关作品
  • 分类相关作品
  • 丛书相关作品
  • 出版社相关作品

书目信息

  • 表格格式
  • 工作单格式
  • 卡片格式
题名:
高等数学在机械制造中的某些应用
    
 
作者: 杨福田 编
分册:  
出版信息: 北京   北京师范大学出版社  1982
页数: 204页
开本: 19cm
丛书名:
单 册:
中图分类: O29:TH16
科图分类:
主题词: 高等数学-应用-机械制造 , 应用数学 , 数学--应用 , 机械制造-高等数学-应用
电子资源:
ISBN:
000 00753nam0 2200265 45
001 0182011150
005 20060809103945.87
010    @dCNY0.63
091    @a13243.14
100    @a19950207d1982 em y0chiy0121 ea
101 0  @achi
102    @aCN@b110000
105    @ay z 000yy
200 10 @a高等数学在机械制造中的某些应用@Agao deng shu xue zai ji xie zhi zao zhong de mou xie ying yong@f杨福田编
210    @a北京@c北京师范大学出版社@d1982
215    @a204页@d19cm
606    @a高等数学-应用-机械制造
606 0  @a应用数学
606 0  @a数学@x应用
606    @a机械制造-高等数学-应用
690    @aO29:TH16
701  0 @a杨福田@Ayang fu tian@4编
801  2 @aCN@bNLC@c20060809
801  0 @aCN@b上海图书馆@c20040519
905    @dO29:TH16@e3
    
    高等数学在机械制造中的某些应用/杨福田编.-北京:北京师范大学出版社,1982
    204页;19cm
    
    
    ISBN :CNY0.63
    
●
相关链接 在E读中查询图书 在五车中查询图书 在当当中查询图书 在豆瓣中查询图书


正题名:高等数学在机械制造中的某些应用     索取号:O29:TH16/3         预约/预借

序号 登录号 条形码 馆藏地/架位号 状态 备注
1 0081478   001446858   第三借阅区/ [索取号:O29:TH16/3] 在馆    
2 0081479   001446821   第三借阅区/ [索取号:O29:TH16/3] 在馆    
3 0081480   001446867   第二样本阅览室/ [索取号:O29:TH16/3] 在馆    
4 0449966   204499667   密集书库/ [索取号:O29:TH16/3] 在馆    
5 0449967   204499676   密集书库/ [索取号:O29:TH16/3] 在馆    
6 0449968   204499685   密集书库/ [索取号:O29:TH16/3] 在馆    
7 0449969   204499694   密集书库/ [索取号:O29:TH16/3] 在馆    
8 0449970   204499701   密集书库/ [索取号:O29:TH16/3] 在馆    
9 0449971   204499710   密集书库/ [索取号:O29:TH16/3] 在馆    
10 0449972   204499729   密集书库/ [索取号:O29:TH16/3] 在馆    
11 0449973   204499738   密集书库/ [索取号:O29:TH16/3] 在馆    
12 0449974   204499747   密集书库/ [索取号:O29:TH16/3] 在馆    
13 0449975   204499756   密集书库/ [索取号:O29:TH16/3] 在馆    
唐山师范学院图书馆 欢迎您!
大连网信软件有限公司© 版权所有